LEADER 01099nam a2200217 i 4500 001 000000001468 003 CaOOAMICUS 005 20180830125434.0 008 180830s1994 it u000 u ita u 040 $aSeMil$bita 100 1 $aMagnoli, Claudio,$c.$0(OLS)http://semarc/name/1327 245 10$aSacramenti e sacramentali /$cDispense scolastiche a cura del prof. don. Claudio Magnoli. 260 $aVenegono Inferiore :$b[s.n.],$c1994-1995. 300 $a2 v. ;$c30 cm. 650 4$aDispense scolastiche.$0(OLS)http://semarc/subject/526 650 4$aLiturgia - Sacramenti.$0(OLS)http://semarc/subject/527 773 0 $aMagnoli, Claudio $tCorsi di liturgia.$dVenegono Inferiore : [s.n.], 1994-1995-$w()23845 774 0 $aMagnoli, Claudio $tMistero eucaristico.$kCorsi di liturgia$g1$w()192941 774 0 $aMagnoli, Claudio $tAltri Sacramenti e sacramentali.$kCorsi di liturgia$g2$w()192943 996 $6245$aSacramenti e sacramentali$9(OLS)http://semarc/title/2372 996 $6260$aVenegono Inferiore :$b[s.n.]$9(OLS)http://semarc/publisher/29885 LEADER 01139nam a2200265 i 4500 001 000000059164 003 CaOOAMICUS 005 20150312000000.0 008 150312s1997 it u000 u ita u 013 $a30336 020 $a88-8025-125-2 040 $aSeMil$bita 100 1 $aFormigoni, Guido,$d<1958- >.$0(OLS)http://semarc/name/8988 245 10$aAldo Moro :$bl'intelligenza applicata alla mediazione politica /$cGuido Formigoni. 260 $aMilano :$bCentro Ambrosiano,$c1997. 300 $a81 p. ;$c19 cm. 490 0 $aProtagonisti del nostro tempo ;$v4 600 14$aMoro, Aldo <1916-1978>.$0(OLS)http://semarc/subject/6668 830 0$aProtagonisti del nostro tempo ;$v4.$0(OLS)http://semarc/title/444 850 $aSeMil 852 $aSeMil$W1$xVenegono$y1$m3N II 408$j25317$B25317$CSeMilBibl$Z2$F25320 $81 961 $aOmaggio: Brambilla don Franco Giulio 996 $6020$a88-8025-125-2$9(OLS)http://semarc/number/34990 996 $6245$aAldo Moro :$bl'intelligenza applicata alla mediazione politica$9(OLS)http://semarc/title/92405 996 $6260$aMilano :$bCentro Ambrosiano$9(OLS)http://semarc/publisher/29766